Протокол № 668 заседания Малого Совета Народных Комиссаров от 25 апреля 1921 г. и материалы к протоколу

Доступно только в Электронных читальных залах Найти на картеНа карте
RUSMARC
00004228nac2a22003011x 450
0018e44fe10-f9b0-475a-9d50-dba5ddc8b6d2
00520160521022106.0
100##$a20160325l1921 k y0rusy50 ca
1010#$arus
102##$aRU
105##$ay z |||||
1220#$ad19210425
2001#$aПротокол № 668 заседания Малого Совета Народных Комиссаров от 25 апреля 1921 г. и материалы к протоколу
$j25 апреля 1921
215##$a256 листов
251##$cДело
300##$aЗаголовок дела на папке: Протокол № 668 заседания Малого Совнаркома от 25 апреля 1921 года и материалы к протоколу
300##$aПодлинные и копии, дипломатическая копия
300##$aЛисты: 21, 43, 160 - малоконтрастные и трудночитаемые
300##$aЧасть текста рукописная и машинописная, часть - напечатана типографским способом
324##$aВ деле имеются копии отдельных документов
330##$aВходит в раздел описи: Управление Делами Секретариат. I. Протоколы. б/ Протоколы Малого Совета Народных Комиссаров
461#0$1001ad6baeac-e292-4829-90d1-2f4f65796a62
$12001
$aСОВЕТ НАРОДНЫХ КОМИССАРОВ РСФСР (СНК РСФСР)
$1251
$cФонд
$1852
$j130
$gР
462#0$1001749580a7-5abb-40c4-a39c-e540631a040a
$12001
$a1921 г.
$vД. 85
$1251
$cОпись
$1852
$j5
5171#$aПротокол № 668 заседания Малого Совнаркома от 25 апреля 1921 года и материалы к протоколу
60101$3RU\NLR\AUTH\661074810
$aРСФСР
$bСовет Народных Комиссаров
801#0$aRU
$bGA_RF
801#1$aRU
$bНПО Опыт
$c20160325
$2rusmarc
801#2$aRU
$bПБ им. Б.Н. Ельцина
$c20160521
$gRCR
$2rusmarc
852##$aГА РФ
$j85
937##$d75182741
$hПБ
035##$aRuPRLIB51037335
Формат отображения